Âm nhạc 4

保存先:
書誌詳細
第一著者: Hoàng, Long
その他の著者: Lê, Minh Châu
フォーマット: 図書
言語:Undetermined
出版事項: H. Giáo dục 2005
主題:
オンライン・アクセス:http://lrc.tdmu.edu.vn/opac/search/detail.asp?aID=2&ID=4489
タグ: タグ追加
タグなし, このレコードへの初めてのタグを付けませんか!
Thư viện lưu trữ: Trung tâm Học liệu Trường Đại học Thủ Dầu Một
LEADER 00605nam a2200205Ia 4500
001 TDMU_4489
008 210410s9999 xx 000 0 und d
082 |a 780.71 
090 |b H407 
100 |a Hoàng, Long 
245 0 |a Âm nhạc 4 
245 0 |c Hoàng Long 
260 |a H. 
260 |b Giáo dục 
260 |c 2005 
300 |a 56tr 
650 |a Âm nhạc  |x Giảng dạy và học tập; Sách lớp 4 
700 |a Lê, Minh Châu 
856 |u http://lrc.tdmu.edu.vn/opac/search/detail.asp?aID=2&ID=4489 
980 |a Trung tâm Học liệu Trường Đại học Thủ Dầu Một